James Stewart Trivia - Statistics

General Stats
  • This quiz has been taken 24 times
  • The average score is 14 of 20
Answer Stats
Questions Answer % Correct
What bone has James' character broken in rear window? Leg
100%
How many Alfred Hitchcock films did James star in? 4
95%
Which crime is present in one of James' films, Rope? Murder
89%
What visits James' character in It's a Wonderful Life? An angel
84%
In which war did James lose one of his sons? Vietnam
84%
How many Academy Awards did James win? 1
79%
Who is James' female co-star in The Philadelphia Story? Katharine Hepburn
79%
Who is James' female co-star in The Man Who Knew Too Much? Doris Day
74%
Which cowboy actor did James star across from in The Man Who Shot Liberty Valance? John Wayne
74%
What studio did James sign a seven year contract with early into his career? MGM
68%
What career did James have in WW2? Pilot
68%
What film did James win his Oscar for? The Philadelphia Story
68%
What phobia does James' character suffer from in Vertigo? Acrophobia
63%
What was James' nickname? Jimmy
63%
What is James' characters profession in Rear Window? Photographer
63%
What state was James born in? Pennsylvania
53%
How did James die? Heart attack
47%
How much money is lost in James' film, It's a Wonderful Life? $8000
42%
What part of James' acting is now iconic and associated with him? His voice/drawl
32%
In what language is James' last feature film role, A Tale of Africa (also known as The Green Horizon)? Japanese
26%
No matching quizzes found
Score Distribution
Percent of People with Each Score
Percentile by Number Answered
Your Score History
You have not taken this quiz